Word Ladder: Unpleasant Choices Quiz Stats

Quiz Updated Nov 16, 2012

Challenge
Share
Tweet
Embed
Score 0/19 Timer 01:30
1 Play Today
Clue 4-Letter Word % Correct
Secure a door with a keyLOCK
98.8%
SearchLOOK
95.9%
Opposite of 'gave'TOOK
95.2%
★ Caught between a ____ and a [last rung] place. ★★ ROCK ★
93.7%
To _____ your own hornTOOT
93%
This is often used in dining halls to carry plates and cupsTRAY
91.5%
The ▶ button on Youtube or on other media platformsPLAY
90.8%
Request something from the divinePRAY
89.7%
A clenched handFIST
88%
Not slowFAST
87.8%
Clue 4-Letter Word % Correct
Walk, ____, canter, gallopTROT
86.5%
Home of Paris, Hector, and AeneasTROY
82.9%
Break windFART
82.8%
★ Caught between a [first rung] and a ____ place. ★★ HARD ★
80.1%
It lost to the tortoiseHARE
78.3%
You must pay this to ride public transportationFARE
77.8%
♭ in musicFLAT
77.7%
Strip off the skinFLAY
73.3%
Maker of the Panda, Ulysse and PuntoFIAT
67.8%

Today's Daily Dose

You're not logged in!

Compare scores with friends on all Sporcle quizzes.
Sign Up with Email
OR
Log In

You Might Also Like...

Show Comments

Extras

Top Quizzes Today


Score Distribution

Your Account Isn't Verified!

In order to create a playlist on Sporcle, you need to verify the email address you used during registration. Go to your Sporcle Settings to finish the process.

Report this User

Report this user for behavior that violates our Community Guidelines.

Details: